Les couleurs secrètes d’Orphée (notice n° 1605619)

détails MARC
000 -LEADER
fixed length control field 02045cam a2200181 4500500
005 - DATE AND TIME OF LATEST TRANSACTION
control field 20251228095116.0
041 ## - LANGUAGE CODE
Language code of text/sound track or separate title fre
042 ## - AUTHENTICATION CODE
Authentication code dc
100 10 - MAIN ENTRY--PERSONAL NAME
Personal name Vieuille, Marie-Françoise
Relator term author
245 00 - TITLE STATEMENT
Title Les couleurs secrètes d’Orphée
260 ## - PUBLICATION, DISTRIBUTION, ETC.
Date of publication, distribution, etc. 2021.<br/>
500 ## - GENERAL NOTE
General note 83
520 ## - SUMMARY, ETC.
Summary, etc. Avec l’ Euridice de Jacopo Peri (1600), puis L’ Orfeo de Monteverdi (1607), le genre opéra prend naissance. Le mythe d’Orphée inspirera, surtout aux xviie et xviiie siècles, un très grand nombre de compositeurs qui déploieront, à travers le chantre de Thrace et sa descente aux enfers, la palette riche et secrète des couleurs vocales, captatrices du mystère humain et de l’indicible. En ce sens, l’Orphée lyrique est la métaphore la plus féconde de l’opéra et de sa créativité inépuisable.
520 ## - SUMMARY, ETC.
Summary, etc. Opera as a genre was born with Jacopo Peri’s Euridice (1600) and with Monteverdi’s Orfeo (1607). The myth of Orpheus was to inspire a great number of composers, especially in the 17th and 18th centuries. Through the story of the bard of Thrace and his descent into Hades, composers would display a rich and secret range of vocal colours in order to explore the human mystery and capture what remains inexpressible. In this sense, the Orpheus character in opera is the most fruitful metaphor for the genre of opera and its infinite creative force.
520 ## - SUMMARY, ETC.
Summary, etc. Com Eurídice de Jacopo Peri (1600) e Orfeo de Monteverdi (1607) nasce o género operático. O mito de Orfeu vai inspirar, principalmente nos séculos XVII e XVIII, um grande número de compositores que exploram, através da descida aos infernos do herói da Trácia e do seu canto, uma rica e secreta paleta de cores vocais que captam o mistério humano e o indizível. O Orfeu lírico torna-se, neste sentido, na mais fecunda metáfora da ópera e da sua inesgotável criatividade.
786 0# - DATA SOURCE ENTRY
Note Sigila | 47 | 1 | 2021-05-31 | p. 97-104 | 1286-1715
856 41 - ELECTRONIC LOCATION AND ACCESS
Uniform Resource Identifier <a href="https://shs.cairn.info/revue-sigila-2021-1-page-97?lang=fr&redirect-ssocas=7080">https://shs.cairn.info/revue-sigila-2021-1-page-97?lang=fr&redirect-ssocas=7080</a>

Pas d'exemplaire disponible.

PLUDOC

PLUDOC est la plateforme unique et centralisée de gestion des bibliothèques physiques et numériques de Guinée administré par le CEDUST. Elle est la plus grande base de données de ressources documentaires pour les Étudiants, Enseignants chercheurs et Chercheurs de Guinée.

Adresse

627 919 101/664 919 101

25 boulevard du commerce
Kaloum, Conakry, Guinée

Réseaux sociaux

Powered by Netsen Group @ 2025